000
00331 a2200157 4500
001
189166
020
_a
960-7955-36-6
040
_c
Magnum
100
_a
Moutsou, e
240
1
0
_a
The Canterville Ghost
_l
ING
245
1
0
_a
The Canterville Ghost
300
_a
39
362
0
_a
1998
697
_a
LITERATURA INGLESA
942
_c
BK
999
_c
189166
_d
189166